Online
Catalog

El bosque dominicano en su hora ¨0¨ : (Record no. 29180)

MARC details
000 -CABECERA
campo de control de longitud fija 00615nam a2200169 a 4500
001 - NÚMERO DE CONTROL
campo de control 000029688
005 - FECHA Y HORA DE LA ÚLTIMA TRANSACCIÓN
campo de control 20200930055730.0
008 - DATOS DE LONGITUD FIJA--INFORMACIÓN GENERAL
campo de control de longitud fija 110425s1988 dr c 000 0 spa d
040 ## - FUENTE DE LA CATALOGACIÓN
Centro catalogador/agencia de origen DO-SdBNP
Lengua de catalogación spa
Centro/agencia transcriptor BNPHU
082 ## - NÚMERO DE LA CLASIFICACIÓN DECIMAL DEWEY
Número de clasificación xxx
Número de documento/Ítem A728f
100 1# - ENTRADA PRINCIPAL--NOMBRE DE PERSONA
Nombre de persona Armenteros Ruis, Enrique
9 (RLIN) 56486
245 10 - MENCIÓN DE TÍTULO
Título El bosque dominicano en su hora ¨0¨ :
Resto del título Como atraer el sector privado a su reforestación /
Mención de responsabilidad, etc. Enrique Armenteros Ruis.
260 ## - PUBLICACIÓN, DISTRIBUCIÓN, ETC.
Lugar de publicación, distribución, etc. Santo Domingo :
Nombre del editor, distribuidor, etc. Fundación para el mejoramiento Humano (PROGRESSIO),
Fecha de publicación, distribución, etc. 1988.
300 ## - DESCRIPCIÓN FÍSICA
Extensión 23 p. :
Otras características físicas retr. ;
Dimensiones 23 cm.
490 1# - MENCIÓN DE SERIE
Mención de serie PROGRESSIO
Designación de volumen o secuencia no. 8
830 #0 - PUNTO DE ACCESO ADICIONAL DE SERIE-TÍTULO UNIFORME
Título uniforme PROGRESSIO
Número de parte o sección de la obra no. 8
9 (RLIN) 56487
Holdings
Estado de retiro Estado de pérdida No para préstamo Código de colección Localización permanente Ubicación/localización actual Ubicación en estantería Fecha de adquisición Número de inventario Total de préstamos Signatura topográfica completa Código de barras Fecha visto por última vez Precio válido a partir de Tipo de ítem Koha
    Excluido de préstamo Patrimonio Dominicano Patrimonio Dominicano Patrimonio Dominicano En catalogación 25.04.2011 LF1   xxx A728f 29688-10 25.06.2020 25.06.2020 Libro y Folleto Colección Patrimonio Dominicano

Powered by Koha